000 00220 a2200097 4500
001 29940
100 _aTocci R
245 _aFundamentals of pulse and digital circuits
260 _a
_bMerrill
_c
090 _c19944
_d19944
942 _aNUST-CAE
_cM
_c11051
999 _c265013
_d265013